Canada Medal Winners at Paris 2024 Olympics - Statistics

General Stats
  • This quiz has been taken 10 times
  • The average score is 14 of 27
Answer Stats
Hint Answer % Correct
Swimming - Women's 400m Individual Medley Summer McIntosh
100%
Swimming - Women's 200m Individual Medley Summer McIntosh
100%
Swimming - Women's 400m Freestyle Summer McIntosh
100%
Athletics - Men's 4x100m Brendon RodneyAaron Brown
Jerome Blake
Andre De Grasse
83%
Swimming - Women's 200m Butterfly Summer McIntosb
83%
Athletics - Women's Hammer Throw Camryn Rogers
67%
Fencing - Women's Foil Eleanor Harvey
67%
Athletics - Men's Hammer Throw Ethan Katzberg
67%
Swimming - Men's 100m Butterfly Josh Liendo
67%
Breaking - B-Boys Philip Kim
67%
Athletics - Women's Pole Vault Alysha Newman
50%
Swimming - Women's 200m Backstroke Kylie Masse
50%
Athletics - Men's 800m Marco Arop
50%
Weightlifting - Women's 59kg Maude Charron
50%
Judo - Women's 57kg Christa Deguchi
33%
Tennis - Mixed Doubles Félix Auger-AliassimeGabriela Dabrowski
33%
Swimming - Men's 100m Butterfly Ilya Kharun
33%
Swimming - Men's 200m Butterfly Ilya Kharun
33%
Canoeing - Women's C-1 200m Katie Vincent
33%
Beach Volleyball - Women's Tournament Melissa Humana-ParedesBrandie Wilkerson
33%
Diving - Men's Synchronized 10m Platform Rylan WiensNathan Zsombor-Murray
33%
Canoeing - Women's C-2 500m Sloan MacKenzieKatie Vincent
33%
Rowing - Women's Eight Abigail DentCaileigh Filmer Kasia Gruchalla-Wesierski Maya Meschkuleit Sydney Payne Jessica Sevick Kristina Walker Avalon Wasteneys Kristen Kit
17%
Rugby Sevens - Women's Tournament Caroline CrossleyOlivia Apps Alysha Corrigan Asia Hogan-Rochester Chloe Daniels Charity Williams Florence Symonds Carissa Norsten Krissy Scurfield Fancy Bermudez Piper Logan Keyara Wardley
17%
Taekwondo - Women's 57kg Skylar Park
17%
Gymnastics - Women's Trampoline Sophiane Méthot
17%
Boxing - Mens 63.5kg Wyatt Stanford
17%
No matching quizzes found
Score Distribution
Percent of People with Each Score
Percentile by Number Answered
Your Score History
You have not taken this quiz